000 00374nam a2200157Ia 4500
008 210716s2000 xx 000 0 und d
020 _a8176561665
041 _aeng
082 _a005.3001 KOED
100 _aKoers, Diane.
245 _aWord 2000: fast and easy.
250 _a1
260 _aNew Delhi
_bBPB Publications
_c2000
300 _axxii,386
650 _aNone
999 _c188980
_d188980